KOHA-Header-6

Basic Electronic (Record no. 12757)

000 -LEADER
fixed length control field 00252nam a22001217a 4500
020 ## - INTERNATIONAL STANDARD BOOK NUMBER
ISBN 9788131710685
082 ## - DEWEY DECIMAL CLASSIFICATION NUMBER
Classification number TK7803
100 ## - MAIN ENTRY--AUTHOR NAME
Personal name Debashis de
245 ## - TITLE STATEMENT
Title Basic Electronic
260 ## - PUBLICATION, DISTRIBUTION, ETC. (IMPRINT)
Place of publication India
Name of publisher Pearson
Year of publication 2019
300 ## - PHYSICAL DESCRIPTION
Number of Pages 608 pages
942 ## - ADDED ENTRY ELEMENTS (KOHA)
Koha item type Books
Holdings
Withdrawn status Lost status Collection code Permanent Location Current Location Shelving location Date acquired Full call number Accession Number Koha item type
    CSE MAJU MAJU Shelf No.A31 2020-12-02 TK7803 9910 Computer System Engineering

Powered by Koha